| 000 | 00488nam a22001577a 4500 | ||
|---|---|---|---|
| 003 | NUST - PNEC | ||
| 005 | 20170116181108.0 | ||
| 008 | 151003b xxu||||| |||| 00| 0 eng d | ||
| 040 | _cLIBRARY | ||
| 082 | _a516.56 CUC | ||
| 100 |
_912768 _aCuccia, C. Louis |
||
| 245 |
_aHarmonics, sidebands, and transients in communication engineering _bas studied by the Fourier and Laplace analyses. _cC. Louis Cuccia |
||
| 260 | _c1952 | ||
| 650 |
_91728 _aTelecommunication _xMIS |
||
| 942 |
_2ddc _cBK |
||
| 999 |
_c69022 _d69022 |
||